000 02733nam1a22009491 4500
001 RU\NLR\A1SV\44383
005 20251203171251.9
035 _a(NLR Aleph) 009726540
090 _a9893130
_c9893130
100 _a20260120 rusy50
101 1 _arus
_cfre
102 _aRU
200 1 _aИстория Великой французской революции
_fЖан Жорес
_gПер. с фр. А.М.Водена
210 _aМ.
_cГос. изд.
_d1920-1924
215 _d26 см
620 _dМосква
700 1 _aЖорес
_bЖ.
_f1859-1914
_gЖан
_4070
702 1 _aВоден
_bА.М.
_f1870-1939
_gАлексей Михайлович
_4070
801 0 _aRU
_bNLR
_c20021114
899 _aСОУБ
_z(Т.1)
899 _aРГБИ
899 _aЧОУНБ
_z(Т.1)
899 _aООПБ
_z(Т.1-2)
899 _aПГПБ
_z(Т.1)
899 _aНБ ТамбГУ
_z(Т.1-2)
899 _aНБ ТГУ
899 _aМГОУНБ
_z(Т.1, 3(Вып.2))
899 _aКУНБ
_z(Т.1,2,3(Вып.1))
899 _aNLG
899 _aУЛМ
_z(Т.1)
899 _aНБ РКоми
_z(Т.1)
899 _aСПбГУ
899 _aТамбОУНБ
_z(Т.1)
899 _aTÜR
_z(Т.2-3)
899 _aLitNB
_z(Т.1)
899 _aНБ Бел.
899 _aUTLS
_z(Т.1-2, 3(Вып.1))
899 _aNYPG
899 _aNYCX
899 _aНБ РКоми
_z(Т.1)
899 _aOHOG
899 _aСГСПУ
_z(Т.2,Т.3:Вып.2)
899 _aОренбургОУНБ
_z(Т.1,3)
899 _aТОУНБ
_z(Т.1-2)
899 _aРНБ
_j37.42.5.67
899 _aРНБ
_j132/1187-1,2
899 _aБГУНБ
_z(Т.1)
899 _aИОГУНБ
_z(Т.1)
899 _aГОПБ
899 _aАстОНБ
899 _aУГПУ
_z(Т.1)
899 _aМГУ
899 _aСОУНБ
899 _aПсковОУНБ
_z(Т.1)
899 _aSLK
_z(Т.1)
899 _aБАН
899 _aВладОУНБ
_z(Т.1)
899 _aЗНБ СГУ
_z(Т.3(Вып.1))
899 _aСЦГБ
_z(Т.1)
899 _aAPL
899 _aГПИБ
899 _aАКУНБ
_z(Т.1, Т.3(Вып.1))
899 _aLatNB
899 _aРГГУ
899 _aКемОНБ
_z(Т.3, вып.2)
899 _aНБКемГУ
_z(Т.1,3)
899 _aНБ РК
899 _aНБУВ
899 _aСПбГИК
_z(Т.1)
899 _aРКП
_z(Т.1)
899 _aRR
_z(Т.1)
899 _aНБ БГУЭП
_z(Т.1)
899 _aГАРФ
_z(Т.1,3(Вып.1))
899 _aРКП
899 _aРГБ
899 _aКОУНБ
_z(Т.1)
899 _aНБ КургГУ
_z(Т.1)
942 _cBOOK
980 _aNB
980 _aA1SV
980 _aA1SV